تهذيب شرح السنوسية أم البراهين : (رقم التسجيلة. 40528)

تفاصيل مارك
000 -الفاتح
عناصر البيانات ثابتة الطول 00801cam a2200205 i 4500
005 - تاريخ ووقت آخر معاملة
حقل ضبط 20251230103908.0
008 - عناصر البيانات ثابتة الطول
عناصر البيانات ثابتة الطول 250721s1998 jo gr 000 0 ara d
082 14 - رقم تصنيف ديوي العشري
رقم التصنيف 218.7
رقم المادة ف و د
100 1# - مدخل رئيسي – اسم شخصي
الاسم الشخصي السنوسي، أبي عبد الله
علاقة الشخص بالعمل/ دوره مؤلف.
245 10 - بيان العنوان
العنوان تهذيب شرح السنوسية أم البراهين :
بقية العنوان من شروح عقائد أهل السنة /
بيان المسؤولية للامام العلامة ابي عبدالله السنوسي.
246 13 - الأشكال المختلفة للعنوان
العنوان الفعلي/العنوان المختصر متن أم البراهين
250 ## - بيان الطبعة
بيان الطبعة الطبعة الاولى.
264 31 - بيانات النشر، التوزيع…إلخ
مكان النشر، التوزيع...إلخ عمان :
اسم الناشر، الموزع...إلخ دار البيارق،
تاريخ النشر، التوزيع...إلخ 1998.
300 ## - الوصف المادي
عدد الوحدات المكونة للوعاء 174صفحة.
650 17 - مدخل إضافي بالموضوع - مصطلح موضوعي
مصطلح موضوعي أو اسم جغرافي كعنصر مدخل الحركات الإسلامية.
650 17 - مدخل إضافي بالموضوع - مصطلح موضوعي
مصطلح موضوعي أو اسم جغرافي كعنصر مدخل السنوسية.
700 1# - مدخل إضافي - اسم شخصي
الاسم الشخصي فودة، سعيد عبد اللطيف
942 ## - بيانات إضافية (كوها)
نوع التنصيف Dewey Decimal Classification
نوع المادة (كوها) كتب
المقتنيات
حالة السحب حالة الفقدان مصدر التصنيف حالة التلف غير قابل للإعارة المكتبة الرئيسية المكتبة الحالية موقع الرف تاريخ التزويد الرقم المتسلسل Total Checkouts رقم الإستدعاء الباركود تاريخ آخر ظهور تاريخ الفاتورة نوع المادة (كوها)
    Dewey Decimal Classification     المكتبة المركزية المكتبة المركزية الإعارة 28/07/2025 500336   218.7/فود 500336 28/07/2025 28/07/2025 كتب
    Dewey Decimal Classification     مكتبة أبو علندا العامة مكتبة أبو علندا العامة الإعارة 06/07/2004 500347   218.7/فود DUP-01_500347 28/07/2025 06/07/2004 كتب
    Dewey Decimal Classification     مكتبة أم قصير والمقابلين العامة مكتبة أم قصير والمقابلين العامة الإعارة 06/07/2004 500346   218.7/فود 500346 28/07/2025 06/07/2004 كتب
    Dewey Decimal Classification Unchecked   مكتبة النصر العامة مكتبة النصر العامة الإعارة 28/07/2025 500349   218.7/فود   28/07/2025 28/07/2025 كتب
    Dewey Decimal Classification     مكتبة حمزة العامة مكتبة حمزة العامة الإعارة 06/07/2004 500344   218.7/فود 500344 28/07/2025 06/07/2004 كتب
    Dewey Decimal Classification     مكتبة صويلح العامة مكتبة صويلح العامة الإعارة 06/07/2004 500339   218.7/فود 500339 28/07/2025 06/07/2004 كتب
Implemented & Customized by: BBB with SCIT (Smart Chains for Information Technology)

Powered by Koha